Регионална библиотека "Любен Каравелов" - Русе

Смъртоносна академия (Запис номер 416632)

MARC детайли
000 -Лидер
Контролно поле с фиксирана дължина 01142nam a2200301 c 4500
003 - Код на организацията, давaща контролен номер
Контролно поле BLK
005 - Дата и час на последна редакция
Контролно поле 20250730103151.0
008 - Елементи от данни с фиксирана дължина
fixed length control field 180408b bul|||||r ||||||| ||bul||
010 ## - Наследен системен номер
LC control number KNG00091978000
020 ## - Международен стандартен номер на книга ISBN
Международен стандартен номер на книга ISBN 9789542835134
040 ## - Източник на каталожния запис
Идентификатор на билиотеката - собственик на записа BLK
041 ## - Код за език
Код за езика на текст/звукозапис или на отделно заглавие Български
Код за езика КДБФ Български
080 ## - УДК
Текстов определител УДК Американска литература (на САЩ)
УДК код - определител по УДК 821.111(73)
УДК определител -31
УДК - код + определител 821.111(73)-31
100 1# - Редна дума - Автор
Автор Новик, Наоми
Авторска отговорност първи автор
R(LIN) 302693
139 ## - Редно поле
Редна дума Новик, Наоми
Авторски знак Нови - Н 86
245 10 - Сведения за заглавието
Заглавие Смъртоносна академия
Редно поле (дума) Наоми Новик; прев. от англ. Надя Баева
257 ## - Страна на издаване
Страна на създаване/издаване Съединени американски щати
260 ## - Област на издателските данни
Година на издаване 2021
9 (RLIN) 219755
Място на издаване, разпространение и проч. София
Име на издателя, разпространителя и проч. Сиела
300 ## - Физическа характеристика
Страници 343 с.
Размери/Мащаб 21 см
380 ## - Жанр
Жанр Худож. лит.
700 ## - Други автори (авторска отговорност)
Лично име Баева, Надя Димитрова
Автороска отговорност (Описва отношението между автора и произведението) прев. от англ.
9 (RLIN) 383768
760 1# - Описание на основната серия
Редна дума на основното описание Новик, Наоми
Място на издаване, издател и година Екслибрис, 2018
Страници - том 440 с. .
Забележка - том Кор. опис. - Ориг. загл. Spinning Silver / Naomi Novik
852 ## - Местоположение
Фондова буква Заемна - подръчен фонд
Систематично-азбучна сигнатура 821-31/Н 86 Н
856 4# - Електронен адрес и достъп
Електронен формат pdf - файл
856 4# - Електронен адрес и достъп
Електронен формат pdf - файл
999 ## - СИСТЕМНИ КОНТРОЛНИ НОМЕРА
Koha biblionumber 416632
Koha biblioitemnumber 416632
942 ## - АРТИКУЛИ
Вид на библиотечния материал Книги
Скрит в OPAC Не
Периодичен библиозапис Да
Koha issues (borrowed), all copies 24
944 ## - СЪЗДАВАНЕ И РЕДАКЦИЯ на ЗАПИСА
Създаване/Редакция Създаване
Дата на регистрацията/редакция 2021-05-28
Служител, извършил регистрацията/редакцията 30531
Статус, дата на статуса Цветелина Шанова
Наличности
Код за отписване Код за изгубен артикул Източник на класификационната схема Код за повреда Коз за рестрикции Код за отдаване Артикулен № Име на библиотеката - собственик Име на библиотеката, в която се намира в момента Статус (Текущо местоположение) Дата на вписване в системата Местоположение - отдел Цена в лева Систематично азбучна сигнатура Баркод Цена в евро Служебен тип на артикула
  Не е изгубен Universal Decimal Classification Не е повреден без рестрикции заемане за дома 833422 Регионална библиотека "Любен Каравелов" Русе Регионална библиотека "Любен Каравелов" Русе Заемна - подръчен фонд 2021-05-28 Заемна - подръчен фонд 8.50 821-31/Н 86 Н 120000855318 4.35 Книги
  Не е изгубен Universal Decimal Classification Не е повреден без рестрикции заемане за дома 833423 Регионална библиотека "Любен Каравелов" Русе Регионална библиотека "Любен Каравелов" Русе Заемна - подръчен фонд 2021-05-28 Заемна - подръчен фонд 8.50 821-31/Н 86 Н 120000855317 4.35 Книги
Vip Innovations Ltd, Rousse, Bulgaria 2025